Southville International School and Colleges
Your cart is empty.
  • Cart
  • Lists
    Public lists Eva Luna New books Lux_list list_1
    Your lists Log in to create your own lists
  • Log in to your account
  • Your cookies
  • Search history
Southville International School and Colleges
  • Advanced search
  • Recent comments
  • Most popular
  • Libraries

Log in to your account

Log in with GOOGLE


If you do not have an external account, but do have a local account, you can still log in:

  1. Home
  2. MARC view: Cashaysayan:
Normal view MARC view ISBD view

Cashaysayan: (Record no. 359480)

[ view plain ]
MARC details
000 -LEADER
fixed length control field 00646nam a2200205Ia 4500
003 - CONTROL NUMBER IDENTIFIER
control field SISC
005 - DATE AND TIME OF LATEST TRANSACTION
control field 20181204065316.0
008 - FIXED-LENGTH DATA ELEMENTS--GENERAL INFORMATION
fixed length control field 181126s9999 xx 000 0 und d
020 ## - INTERNATIONAL STANDARD BOOK NUMBER
International Standard Book Number 9786214220076
050 ## - LIBRARY OF CONGRESS CALL NUMBER
Classification number BR 9.L626
Item number .Su939 2018
100 ## - MAIN ENTRY--PERSONAL NAME
Personal name Suarez, Michelline
245 ## - TITLE STATEMENT
Title Cashaysayan:
Remainder of title a history of Philippine money/
Statement of responsibility, etc Michelline Suarez
260 ## - PUBLICATION, DISTRIBUTION, ETC. (IMPRINT)
Place of publication, distribution, etc Manila :
Name of publisher, distributor, etc Tahanan Books for Young Readers
Date of publication, distribution, etc 2018
300 ## - PHYSICAL DESCRIPTION
Extent 175 pages :
Other physical details illustrated
Dimensions 19 cm.
500 ## - GENERAL NOTE
General note Includes index and bibliographic references
650 ## - SUBJECT ADDED ENTRY--TOPICAL TERM
Topical term or geographic name as entry element Finance -- Philippines
650 ## - SUBJECT ADDED ENTRY--TOPICAL TERM
Topical term or geographic name as entry element Money -- Philippines -- History
942 ## - ADDED ENTRY ELEMENTS (KOHA)
Source of classification or shelving scheme Library of Congress Classification
Koha item type Books
Holdings
Withdrawn status Lost status Source of classification or shelving scheme Damaged status Home library Current library Shelving location Date acquired Source of acquisition Total Checkouts Full call number Barcode Date last seen Price effective from Koha item type
    Library of Congress Classification   Luxembourg Library Luxembourg Library Filipiniana Section 11/26/2018 Library Fund   BR 9.L626 .Su939 2018 20681 11/26/2018 11/26/2018 Books

Cashaysayan:

APA

Suarez M., . (2018). Cashaysayan. Manila: Tahanan Books for Young Readers.

Chicago

Suarez Michelline, . 2018. Cashaysayan. Manila: Tahanan Books for Young Readers.

Harvard

Suarez M., . (2018). Cashaysayan. Manila: Tahanan Books for Young Readers.

MLA

Suarez Michelline, . Cashaysayan. Manila: Tahanan Books for Young Readers. 2018.

  • Place hold
  • Print
  • Cite
  • Add to your cart (remove)
  • Save record
    BIBTEX Dublin Core MARCXML MARC (non-Unicode/MARC-8) MARC (Unicode/UTF-8) MARC (Unicode/UTF-8, Standard) MODS (XML) RIS
  • More searches
    Search for this title in:
    Other Libraries (WorldCat) Other Databases (Google Scholar) Online Stores (Bookfinder.com) Open Library (openlibrary.org)

Exporting to Dublin Core...

SOUTHVILLE LIBRARY

Southville International School and Colleges Library

1281 Tropical Ave. Cor. Luxembourg St., BF Homes International, Las Pinas City

Tel. No. 8256374 / 252358 Loc. 117/146

Powered by Koha